000 00699nam a2200193 a 4500
008 120416s1992 ||||||||||||||||| || u
020 _a0030540178
050 _aHF 5415.2 Chu
100 _aChurchill, Gilbert A
245 1 0 _aBasic marketing research. (2nd ed.)
250 _a2nd ed.
260 _aFort Worth :
_bDryden Press
_c1992
300 _axxi, 837p. : ill.
350 _a0.00
500 _aOne 'statistics command summary' chart inserted.
650 0 _aMARKETING RESEARCH
650 0 _aMARKETING--MANAGEMENT--CASE STUDIES
995 _D0.00
_FCBU-MAIN LIBRARY (Kitwe)
_H1
_I40.00
_M1
_UAVAILABLE
_ZMain Library Open Access Collection
999 _c35583
_d35583